| 000 | 00455pab a2200181 454500 | ||
|---|---|---|---|
| 008 | 180718b2009 xxu||||| |||| 00| 0 eng d | ||
| 100 | _aMishra, H.M. | ||
| 245 | _aCIVIL service reforms: training implications (potentials and ponderables) | ||
| 260 | _c2009 | ||
| 300 | _ap.64-71. | ||
| 362 | _aDec | ||
| 650 | _aTraining | ||
| 650 | _aCivil service | ||
| 650 | _aAdministrative reform | ||
| 773 | _aAdministrator | ||
| 908 | _aN | ||
| 909 | _a86110 | ||
| 999 |
_c86110 _d86110 |
||